000
00323nam a2200133Ia 4500
008
191201s2019 xx 000 0 und d
082
_a
621.3815
_b
UYC
100
_a
UYEMURA, John P
245
0
_a
CMOS Logic Circuit Design
260
_a
N.Delhi
_b
Springer, India
300
_a
528
650
_a
B.Tech(ECE)
942
_2
ddc
_c
BK
999
_c
1835
_d
1835